000 01304cpcaa2200313 a 4500
001 mm 97006344
003 DLC
005 20260227111726.0
008 970103|||||||||||| eng
010 _amm 97006344
040 _aDLC
_cDLC
_dDLC
_edacs
072 7 _aW
_2lcmd
100 1 _aMallory, Stephen R.
_q(Stephen Russell),
_d1813-1873.
245 0 0 _aStephen R. Mallory correspondence,
_f1861.
300 _a1
_fitem.
506 0 _aOpen to research.
520 8 _aLetter (7 May 1861) addressed to Mallory regarding a naval appointment.
545 0 _aU.S. senator from Florida, C.S.A. secretary of the navy, and lawyer.
546 _aCollection material in English.
580 _aForms part of: Miscellaneous Manuscripts collection.
583 _aOriginally processed as part of the John Tyler Papers from which it was separated in 1997.
610 1 0 _aConfederate States of America.
_bNavy.
651 0 _aUnited States
_xHistory
_yCivil War, 1861-1865.
656 7 _aCabinet officers
_zConfederate States of America.
_2itoamc
656 7 _aLawyers.
_2itoamc
656 7 _aSenators, U.S. Congress
_zFlorida.
_2itoamc
999 _c44401
_d44401